[Event "Sparkassen-Open A"]
[Site "Heusenstamm, Martinsee"]
[Date "2024.11.22"]
[Round "3.12"]
[White "Sikorra, Philipp"]
[Black "Glavev, Danail"]
[Result "1-0"]
[WhiteElo "1801"]
[BlackElo "1680"]
[PlyCount "67"]
[EventDate "2024.11.21"]
[WhiteTeam "SF Schönwald"]
[BlackTeam "SK Bad Homburg 1927"]

1. e4 e5 2. Nf3 Nc6 3. Bc4 Nf6 4. Ng5 d5 5. exd5 Na5 6. Bb5+ c6 7. dxc6 bxc6 8. Bd3 Bc5 9. Ne4 Nxe4 10. Bxe4 O-O 11. d3 f5 12. Bf3 e4 13. Be2 exd3 14. cxd3 Qd4 15. O-O f4 16. Bd2 Qxb2 17. Bc3 Qb6 18. Nd2 Nb7 19. Rb1 Qc7 20. Ne4 Bb6 21. Bf3 Nc5 22. Re1 Ba6 23. Nxc5 Bxc5 24. d4 Bb6 25. Re6 Bb7 26. Qb3 Kh8 27. Rbe1 Rad8 28. Re7 Rd7 29. Qf7 Rg8 30. Rxd7 Qc8 31. Rxb7 Qd8 32. d5 Qg5 33. Qxg8+ Kxg8 34. Re8# 1-0

[Event "Sparkassen-Open A"]
[Site "Heusenstamm, Martinsee"]
[Date "2024.11.22"]
[Round "3.13"]
[White "Memmeler, Björn"]
[Black "Bardorz, Stefan"]
[Result "0-1"]
[WhiteElo "1691"]
[BlackElo "1800"]
[PlyCount "46"]
[EventDate "2024.11.21"]
[WhiteTeam "Schachfüchse Kempen 1986 e. V."]
[BlackTeam "TSV 1869 e. V. Rottendorf"]

1. Nf3 d5 2. c4 e6 3. b3 Nf6 4. Bb2 Be7 5. g3 O-O 6. Bg2 b6 7. O-O c5 8. cxd5 exd5 9. d4 Nc6 10. Ne5 Bb7 11. Nxc6 Bxc6 12. e3 Rc8 13. Qe2 Qd7 14. Rd1 Bb5 15. Qd2 c4 16. bxc4 Rxc4 17. Ba3 Rfc8 18. Bxe7 Qe6 19. a4 Rc2 20. Qe1 Be2 21. Na3 Bxd1 22. Nxc2 Bxc2 23. Rc1 Bf5 0-1

[Event "Sparkassen-Open A"]
[Site "Heusenstamm, Martinsee"]
[Date "2024.11.22"]
[Round "3.14"]
[White "Pyshny, Antonia"]
[Black "Englert, Lin"]
[Result "0-1"]
[WhiteElo "1796"]
[BlackElo "1683"]
[PlyCount "118"]
[EventDate "2024.11.21"]
[WhiteTeam "SC Eschborn 1974"]
[BlackTeam "TV-Großostheim 1900 e.V."]

1. e4 c5 2. Nf3 Nc6 3. Bb5 g6 4. c3 a6 5. Ba4 b5 6. Bc2 Bg7 7. d3 Nf6 8. O-O O-O 9. Be3 d6 10. Re1 Bb7 11. Nbd2 Rc8 12. Nf1 Nd7 13. Qd2 Nce5 14. Nxe5 Nxe5 15. Bh6 d5 16. Bxg7 Kxg7 17. f4 Nc6 18. d4 cxd4 19. cxd4 e6 20. Rac1 Qb6 21. Red1 dxe4 22. Bxe4 Ne7 23. Bxb7 Qxb7 24. Ne3 Nd5 25. g3 Rfd8 26. Rxc8 Rxc8 27. Nxd5 Qxd5 28. b3 Qe4 29. Qd3 Qd5 30. Qe3 Kg8 31. Kf2 Rc2+ 32. Rd2 Qh1 33. Rxc2 Qxh2+ 34. Kf3 Qxc2 35. Qe5 Qc6+ 36. Kg4 h5+ 37. Kg5 Qe8 38. d5 Qd8+ 39. Kh6 Qf8+ 40. Kg5 exd5 41. Qxd5 Kh7 42. Kf6 Qg7+ 43. Ke7 f6+ 44. Kd6 Qa7 45. Ke6 Kg7 46. Qa8 Qe3+ 47. Kd6 Qxg3 48. Qxa6 Qxf4+ 49. Kc5 Qe5+ 50. Kb4 h4 51. Qa7+ Kh6 52. Qd7 Qf5 53. Qd2+ Qg5 54. Qd3 Qf5 55. Qd2+ g5 56. a4 bxa4 57. Kxa4 Qf4+ 58. Qxf4 gxf4 59. b4 h3 0-1

[Event "Sparkassen-Open A"]
[Site "Heusenstamm, Martinsee"]
[Date "2024.11.22"]
[Round "3.15"]
[White "Nain, Medhansh"]
[Black "Bach, Oliver"]
[Result "1-0"]
[WhiteElo "1685"]
[BlackElo "1788"]
[PlyCount "119"]
[EventDate "2024.11.21"]
[WhiteTeam "Schachforum Darmstadt 1994"]
[BlackTeam "Sabt Frankfurter TV 1860"]

1. e4 c5 2. Nf3 d6 3. d4 cxd4 4. Nxd4 Nf6 5. Nc3 a6 6. Be3 e5 7. Nb3 Be7 8. Bc4 O-O 9. O-O Nbd7 10. a4 Qc7 11. Bd5 Nb6 12. Rc1 Nc4 13. Bxc4 Qxc4 14. Qd3 Be6 15. Rfd1 Rac8 16. Qxc4 Bxc4 17. Na5 b5 18. f3 b4 19. Nxc4 bxc3 20. b3 Rfd8 21. Rd3 d5 22. Nb6 Rc6 23. Nxd5 Nxd5 24. Rxd5 f6 25. Rcd1 Rdd6 26. Rxd6 Bxd6 27. Kf2 Kf7 28. Rd5 Ke6 29. Ke2 g6 30. Kd3 h5 31. Bf2 Ke7 32. Be1 Bb4 33. g3 Rc8 34. f4 exf4 35. gxf4 Ke6 36. f5+ gxf5 37. Rxf5 Rd8+ 38. Kc4 a5 39. Rxh5 Rc8+ 40. Kd3 Rd8+ 41. Rd5 Rh8 42. h4 Rc8 43. h5 Rc7 44. h6 Rh7 45. Bxc3 Bxc3 46. Kxc3 Rxh6 47. Rxa5 Rh3+ 48. Kd4 Rh2 49. Ra6+ Ke7 50. Rc6 Rd2+ 51. Ke3 Rd1 52. b4 Re1+ 53. Kd3 Rd1+ 54. Ke2 Rb1 55. c3 Ra1 56. a5 Ra2+ 57. Kd3 Ra1 58. a6 Rd1+ 59. Kc2 Ra1 60. b5 1-0

[Event "Sparkassen-Open A"]
[Site "Heusenstamm, Martinsee"]
[Date "2024.11.22"]
[Round "3.17"]
[White "Karres, David Tobias"]
[Black "Lingl, Peter"]
[Result "0-1"]
[WhiteElo "1636"]
[BlackElo "1757"]
[PlyCount "62"]
[EventDate "2024.11.21"]
[WhiteTeam "SF Heidelberg"]
[BlackTeam "SC JÄKLECHEMIE Talente Franken e"]

1. e4 e5 2. Nc3 Bc5 3. Bc4 Nf6 4. d3 d6 5. Nge2 Nc6 6. Bb5 Ng4 7. Bxc6+ bxc6 8. O-O Qh4 9. h3 Nxf2 10. Rxf2 Bxf2+ 11. Kh2 O-O 12. Qf1 Bb6 13. Ng3 d5 14. exd5 f5 15. dxc6 f4 16. Nge4 g5 17. Nd5 g4 18. Nxb6 axb6 19. Bd2 Be6 20. c4 Rad8 21. Bc3 g3+ 22. Kg1 f3 23. Bxe5 f2+ 24. Kh1 Bxh3 25. gxh3 Rxd3 26. Qg2 f1=Q+ 27. Rxf1 Rxf1+ 28. Qxf1 Qxe4+ 29. Kg1 Qxe5 30. Qxd3 Qc5+ 31. Kf1 Qf2# 0-1

[Event "Sparkassen-Open A"]
[Site "Heusenstamm, Martinsee"]
[Date "2024.11.22"]
[Round "3.18"]
[White "Carvelli, Nicolas"]
[Black "Kuran, Rainer"]
[Result "1-0"]
[WhiteElo "1745"]
[BlackElo "1652"]
[PlyCount "35"]
[EventDate "2024.11.21"]
[WhiteTeam "SF Seligenstadt 05"]
[BlackTeam "Karlsruhe"]

1. d4 d5 2. c4 e6 3. Nc3 Bb4 4. Nf3 Nf6 5. Qa4+ Nc6 6. Bg5 Be7 7. e3 Bd7 8. Qd1 dxc4 9. Bxc4 O-O 10. O-O Bc8 11. a3 b6 12. Bd3 Nd5 13. Bxe7 Ncxe7 14. Qc2 Ng6 15. Rac1 c6 16. Ne4 Bb7 17. Neg5 f5 18. Nxe6 1-0

[Event "Sparkassen-Open A"]
[Site "Heusenstamm, Martinsee"]
[Date "2024.11.22"]
[Round "3.19"]
[White "Eitel, Liz"]
[Black "Avhopulo, Kirill"]
[Result "1/2-1/2"]
[WhiteElo "1546"]
[BlackElo "1743"]
[PlyCount "66"]
[EventDate "2024.11.21"]
[WhiteTeam "SAbt SV Werder Bremen"]
[BlackTeam "SK Marburg 1931/72"]

1. e4 c5 2. Nf3 Nc6 3. Bb5 a6 4. Bxc6 dxc6 5. O-O Nf6 6. d3 Bg4 7. h3 Bxf3 8. Qxf3 g6 9. Bf4 Bg7 10. Nc3 O-O 11. Qe3 Qd4 12. Qxd4 cxd4 13. Ne2 Rfd8 14. Be5 Ne8 15. Bxg7 Kxg7 16. Rad1 e5 17. f4 f6 18. c3 c5 19. cxd4 cxd4 20. Rc1 Rac8 21. fxe5 fxe5 22. Rxc8 Rxc8 23. Rc1 Rxc1+ 24. Nxc1 Nc7 25. Nb3 b6 26. Kf2 Kf6 27. Nd2 b5 28. b4 Ne6 29. g3 Nd8 30. a3 Ne6 31. Kf3 h5 32. Kf2 h4 33. Nf3 Nd8 1/2-1/2

[Event "Sparkassen-Open A"]
[Site "Heusenstamm, Martinsee"]
[Date "2024.11.22"]
[Round "3.21"]
[White "Iannotti, Tim"]
[Black "Morgenroth, Fabian"]
[Result "0-1"]
[WhiteElo "1649"]
[BlackElo "1895"]
[PlyCount "120"]
[EventDate "2024.11.21"]
[WhiteTeam "SV Oberursel"]
[BlackTeam "SC Turm Breuberg"]

1. e4 e6 2. d4 d5 3. exd5 exd5 4. Bd3 c5 5. Be3 c4 6. Be2 Nf6 7. Nf3 Bd6 8. O-O O-O 9. c3 Re8 10. b3 cxb3 11. axb3 Nc6 12. c4 dxc4 13. bxc4 Bg4 14. h3 Bh5 15. Qb3 Qc7 16. Nbd2 b6 17. Rfe1 Rad8 18. Qb5 Bg6 19. Nb3 Ne4 20. Nh4 Nc3 21. Qg5 Be7 22. Qg4 Bxh4 23. Qxh4 Re4 24. Qg5 h6 25. Qg3 Qxg3 26. fxg3 Rxe3 27. Bf3 Rxe1+ 28. Rxe1 Nxd4 29. Nxd4 Rxd4 30. Re7 Rxc4 31. Rxa7 b5 32. h4 Rc5 33. Kf2 Ne4+ 34. Bxe4 Bxe4 35. Ra5 Bd3 36. Ke3 Bc4 37. Ra1 Re5+ 38. Kf4 Re2 39. Kf3 Re6 40. Rb1 Kf8 41. g4 Ke7 42. Kf4 Kd6 43. Rd1+ Kc5 44. Rd7 b4 45. Rxf7 Re4+ 46. Kxe4 Bxf7 47. Kd3 b3 48. Kc3 Kd6 49. g3 Ke5 50. Kb2 Ke4 51. g5 hxg5 52. hxg5 Kf5 53. g4+ Kxg5 54. Ka1 Kxg4 55. Kb1 Kf3 56. Ka1 g5 57. Kb1 g4 58. Ka1 g3 59. Kb1 g2 60. Kb2 g1=Q 0-1

[Event "Sparkassen-Open A"]
[Site "Heusenstamm, Martinsee"]
[Date "2024.11.22"]
[Round "3.22"]
[White "Ritonnale, Theo"]
[Black "Wang, Enya Marie"]
[Result "1/2-1/2"]
[WhiteElo "1847"]
[BlackElo "1647"]
[PlyCount "126"]
[EventDate "2024.11.21"]
[WhiteTeam "Sfr.Mainz 1928"]
[BlackTeam "TSV Schönaich"]

1. e4 e5 2. Nf3 Nc6 3. d4 exd4 4. Nxd4 Nf6 5. Nc3 Bb4 6. Nxc6 bxc6 7. Bd3 d5 8. exd5 cxd5 9. O-O O-O 10. Bg5 Be6 11. Ne2 h6 12. Bh4 Be7 13. Nd4 Bg4 14. f3 Bc5 15. c3 Bh5 16. Kh1 Bg6 17. Qc2 Bxd3 18. Qxd3 Bb6 19. Rfe1 c5 20. Nc6 Qd6 21. Ne7+ Kh8 22. Bxf6 Qxf6 23. Nxd5 Rad8 24. Qc4 Qd6 25. Nxb6 axb6 26. Qb3 Qg6 27. Re2 Rd6 28. Rae1 Rfd8 29. Qc2 Qxc2 30. Rxc2 Rd2 31. Rxd2 Rxd2 32. Rb1 b5 33. h3 b4 34. cxb4 cxb4 35. a4 bxa3 36. bxa3 Ra2 37. Rb8+ Kh7 38. Ra8 Kg6 39. Kh2 Kf6 40. Kg3 g5 41. Ra4 Kg6 42. Ra6+ Kg7 43. a4 h5 44. h4 f6 45. hxg5 fxg5 46. Kh3 Ra3 47. Kg3 Ra2 48. a5 Kh7 49. Ra8 Kg7 50. a6 Kh7 51. a7 Kg7 52. Kh3 Kh7 53. Kg3 Kg7 54. Kh3 Kh7 55. g3 Ra3 56. Kg2 Ra2+ 57. Kf1 Ra1+ 58. Ke2 Ra2+ 59. Kf1 Ra1+ 60. Kf2 Ra2+ 61. Ke1 Ra1+ 62. Kf2 Ra2+ 63. Kg1 Ra1+ 1/2-1/2

[Event "Sparkassen-Open A"]
[Site "Heusenstamm, Martinsee"]
[Date "2024.11.22"]
[Round "3.23"]
[White "Chiokadze, Barbare"]
[Black "Raghavan, Badrinarayanan"]
[Result "0-1"]
[WhiteElo "1644"]
[BlackElo "1823"]
[PlyCount "106"]
[EventDate "2024.11.21"]
[WhiteTeam "David Jojua Schachschule"]
[BlackTeam "SK 1858 Gießen"]

1. d4 d5 2. c4 e6 3. Nc3 c6 4. cxd5 cxd5 5. Nf3 Bd6 6. Bg5 Qb6 7. Qc2 h6 8. Bd2 Nc6 9. e3 Nf6 10. Bd3 Nb4 11. Bb5+ Bd7 12. Bxd7+ Nxd7 13. Qb1 Qa6 14. Ne2 Nd3+ 15. Kf1 e5 16. b4 e4 17. b5 Qa4 18. Ne1 Nxe1 19. Bxe1 Rc8 20. Nc3 Rxc3 21. Bxc3 Qc4+ 22. Kg1 Qxc3 23. Qc1 Qxc1+ 24. Rxc1 O-O 25. g3 Nb6 26. Kg2 Nc4 27. a4 f5 28. Ra1 b6 29. Rhc1 Kf7 30. Rg1 g5 31. h3 Kg6 32. Rh1 f4 33. exf4 gxf4 34. g4 f3+ 35. Kf1 Bb4 36. h4 Bc3 37. Rc1 Bd2 38. Rc2 e3 39. fxe3 Nxe3+ 40. Kf2 Nxc2 41. Rd1 Be3+ 42. Kf1 Rc8 43. Rd3 Rc4 44. Rd1 Rxd4 45. Rxd4 Nxd4 46. Ke1 Kf6 47. Kf1 Ke5 48. Ke1 Kf4 49. Kf1 Kxg4 50. Ke1 Kg3 51. h5 Kg2 52. Kd1 f2 53. a5 f1=Q# 0-1

[Event "Sparkassen-Open A"]
[Site "Heusenstamm, Martinsee"]
[Date "2024.11.22"]
[Round "3.24"]
[White "Brunner, Andreas"]
[Black "Englert, Fred"]
[Result "0-1"]
[WhiteElo "1639"]
[BlackElo "1790"]
[PlyCount "104"]
[EventDate "2024.11.21"]
[WhiteTeam "FV Berkersheim"]
[BlackTeam "SK 1982 Klingenberg e.V."]

1. Nf3 c6 2. d4 d5 3. e3 Nf6 4. c4 g6 5. Nc3 Bg7 6. Bd3 b6 7. Rb1 Bb7 8. O-O O-O 9. cxd5 cxd5 10. Bd2 Nc6 11. a3 Na5 12. b3 Rc8 13. Rc1 Nc6 14. Ne2 Re8 15. Ng3 Qd6 16. b4 a6 17. b5 axb5 18. Bxb5 Qxa3 19. Ra1 Qd6 20. Ne5 Nd7 21. Nxd7 Qxd7 22. Bb4 Rc7 23. Qb3 Rec8 24. Qb2 Qd8 25. Bd2 e5 26. Bxc6 Rxc6 27. Rac1 Rc4 28. Rxc4 dxc4 29. Bc3 exd4 30. exd4 Qd5 31. f3 b5 32. Rd1 Rd8 33. Ne2 Qg5 34. Qc1 Qe7 35. Qb2 Qe3+ 36. Kf1 Bc6 37. Qd2 Qe7 38. Bb4 Qh4 39. Qf4 Qxf4 40. Nxf4 Rxd4 41. Rxd4 Bxd4 42. Ne2 Be3 43. Ke1 h5 44. Kd1 h4 45. Nc3 h3 46. gxh3 Bxf3+ 47. Ke1 Bc6 48. Ke2 Bf4 49. Kf2 Bxh2 50. Ne2 Be5 51. Nc3 f5 52. Ne2 Kf7 0-1

[Event "Sparkassen-Open A"]
[Site "Heusenstamm, Martinsee"]
[Date "2024.11.22"]
[Round "3.25"]
[White "Bardorz, Christoph"]
[Black "Kaiser, Danny"]
[Result "0-1"]
[WhiteElo "1787"]
[BlackElo "1627"]
[PlyCount "74"]
[EventDate "2024.11.21"]
[WhiteTeam "TSV 1869 e. V. Rottendorf"]
[BlackTeam "SC Bad Nauheim"]

1. e4 e5 2. Nf3 Nc6 3. Nc3 Nf6 4. Bb5 a6 5. Bxc6 bxc6 6. Nxe5 Bb4 7. O-O O-O 8. d3 Bb7 9. a3 Be7 10. Bg5 Bc8 11. f4 c5 12. h3 h6 13. Bh4 Nxe4 14. Bxe7 Nxc3 15. Qf3 Qxe7 16. Qxa8 Ne2+ 17. Kh2 d6 18. Qe4 Nxf4 19. Qxf4 dxe5 20. Rae1 f6 21. b4 Be6 22. Qd2 Rd8 23. bxc5 Qxc5 24. Qb4 Qxc2 25. Qe7 Rd6 26. Rc1 Qxd3 27. Rxc7 Bd7 28. Rf3 Qd5 29. Rb3 Qe6 30. Qd8+ Kh7 31. Rbb7 Qf5 32. Rb4 e4 33. Rb1 e3 34. Qe7 Rd2 35. Qxe3 Rd3 36. Qc1 Qf2 37. Rb2 Rxh3# 0-1

[Event "Sparkassen-Open A"]
[Site "Heusenstamm, Martinsee"]
[Date "2024.11.22"]
[Round "3.26"]
[White "Lerch, Cornelia"]
[Black "Vick, Edward"]
[Result "0-1"]
[WhiteElo "1787"]
[BlackElo "1626"]
[PlyCount "156"]
[EventDate "2024.11.21"]
[WhiteTeam "SK 1980 Gernsheim"]
[BlackTeam "TuS Makkabi Wiesbaden"]

1. e4 c5 2. Nf3 e6 3. c3 d5 4. e5 Nc6 5. d4 Qb6 6. Be2 Nge7 7. O-O Nf5 8. dxc5 Bxc5 9. Bd3 a5 10. Bxf5 exf5 11. Qxd5 Be6 12. Qd3 O-O 13. Nbd2 Rad8 14. Qe2 Rfe8 15. b3 Bd5 16. Bb2 f6 17. c4 Bxf3 18. Nxf3 Bd4 19. Bxd4 Nxd4 20. Nxd4 Qxd4 21. e6 Qe4 22. Rfe1 Rxe6 23. Qf1 Qc6 24. Rxe6 Qxe6 25. Re1 Qd6 26. Qe2 Qe5 27. Qf1 Qd6 28. h3 Kf7 29. Qe2 g6 30. Qf3 Rd7 31. Qc3 b6 32. Rc1 Qd2 33. c5 bxc5 34. Qc4+ Rd5 35. Rc2 Qe1+ 36. Kh2 Qe5+ 37. Kg1 Ke7 38. g3 Qe4 39. Qxe4+ fxe4 40. Kf1 Kd6 41. Ke2 Rd4 42. Ke3 g5 43. Rc3 f5 44. Rc2 Kd5 45. Rc3 Rd1 46. Rc4 Rd3+ 47. Ke2 Rd4 48. Rc3 a4 49. bxa4 Rxa4 50. Rc2 Kd4 51. Rd2+ Ke5 52. Rc2 c4 53. Kd2 Kd4 54. Ke2 c3 55. Kd1 Kd3 56. Kc1 f4 57. gxf4 gxf4 58. Kd1 f3 59. Kc1 Ra3 60. Kd1 Ra6 61. Kc1 Rh6 62. a4 Rxh3 63. Kb1 Rh1+ 64. Rc1 Rh6 65. Rc2 Rb6+ 66. Kc1 Ra6 67. Ra2 Kc4 68. Kc2 Kb4 69. a5 h5 70. Ra1 Rxa5 71. Re1 Ra2+ 72. Kb1 Re2 73. Rh1 Kb3 74. Rf1 h4 75. Ka1 h3 76. Kb1 h2 77. Kc1 Ra2 78. Kb1 c2+ 0-1

[Event "Sparkassen-Open A"]
[Site "Heusenstamm, Martinsee"]
[Date "2024.11.22"]
[Round "3.27"]
[White "Neagu, Liviu"]
[Black "Milman, Sophie"]
[Result "1-0"]
[WhiteElo "1781"]
[BlackElo "1607"]
[PlyCount "111"]
[EventDate "2024.11.21"]
[WhiteTeam "Wiesbaden"]
[BlackTeam "VSG 1880 Offenbach"]

1. d4 Nf6 2. c4 g6 3. Nc3 Bg7 4. Nf3 d6 5. e4 O-O 6. Be2 c5 7. d5 e6 8. O-O exd5 9. cxd5 Re8 10. Qc2 b6 11. Bf4 Nh5 12. Bg5 Bf6 13. Be3 Bxc3 14. bxc3 Ba6 15. c4 Nd7 16. Nd2 Ng7 17. f4 f5 18. Bd3 fxe4 19. Nxe4 Nf6 20. Nxf6+ Qxf6 21. Rae1 Rf8 22. f5 g5 23. Bc1 Rae8 24. Bb2 Qf7 25. Qc3 Bc8 26. Re6 Bxe6 27. fxe6 Qe7 28. Bc2 Rxf1+ 29. Kxf1 Rf8+ 30. Kg1 g4 31. Qg3 Qg5 32. Qc3 h5 33. Qe1 h4 34. Bc1 Qf6 35. Ba4 Qd4+ 36. Be3 Qe4 37. Bd7 Nf5 38. Bf2 Qxc4 39. e7 Nxe7 40. Qxe7 Qc1+ 41. Qe1 Qxe1+ 42. Bxe1 g3 43. Be6+ Kg7 44. hxg3 hxg3 45. Bxg3 c4 46. Bxd6 c3 47. Be5+ Kg6 48. Bxc3 a5 49. Be5 Re8 50. Bc7 a4 51. Bxb6 Kf6 52. a3 Rb8 53. Bc5 Rb3 54. Bd7 Rd3 55. d6 Kf7 56. Bxa4 1-0

[Event "Sparkassen-Open A"]
[Site "Heusenstamm, Martinsee"]
[Date "2024.11.22"]
[Round "3.28"]
[White "Maibaum, Harry"]
[Black "Schlömer, Andreas"]
[Result "0-1"]
[WhiteElo "1610"]
[BlackElo "1767"]
[PlyCount "76"]
[EventDate "2024.11.21"]
[WhiteTeam "Sfr.Heimersheim"]
[BlackTeam "SK Upland Willingen"]

1. d4 Nf6 2. Nf3 e6 3. c4 b6 4. e3 Bb7 5. Be2 Be7 6. O-O O-O 7. Nbd2 d5 8. b3 c5 9. Bb2 Nbd7 10. Rc1 Rc8 11. Re1 cxd4 12. Nxd4 Nc5 13. cxd5 Bxd5 14. Bc4 Bb7 15. f3 Bd5 16. Kh1 Bxc4 17. Nxc4 Nd5 18. a3 Bf6 19. b4 Nb7 20. Qb3 Qe7 21. e4 Bxd4 22. Bxd4 Nf4 23. Be3 Ng6 24. Red1 Rfd8 25. g3 b5 26. Nb2 a6 27. f4 h6 28. Nd3 Rxc1 29. Rxc1 Nd6 30. Bc5 Qb7 31. Bxd6 Qxe4+ 32. Kg1 Rxd6 33. Nf2 Qe2 34. Rd1 Rxd1+ 35. Nxd1 Ne7 36. Nf2 Nd5 37. Qb1 Ne3 38. Qc1 Qf3 0-1

[Event "Sparkassen-Open A"]
[Site "Heusenstamm, Martinsee"]
[Date "2024.11.22"]
[Round "3.29"]
[White "Ahrens, Gunnar"]
[Black "Wernicke, Dieter"]
[Result "1-0"]
[WhiteElo "1760"]
[BlackElo "1601"]
[PlyCount "101"]
[EventDate "2024.11.21"]
[WhiteTeam "Delmenhorster SK V 1931"]
[BlackTeam "SV Mainspitze Ginsheim"]

1. f4 d5 2. Nf3 Bf5 3. e3 Nf6 4. b3 c5 5. Bb5+ Bd7 6. Qe2 a6 7. Bxd7+ Nbxd7 8. Bb2 e6 9. d3 Be7 10. Nbd2 O-O 11. O-O Re8 12. h3 Qc7 13. g4 d4 14. exd4 Qxf4 15. Qg2 Nd5 16. Nc4 Ne3 17. Nxe3 Qxe3+ 18. Kh1 Qh6 19. Rae1 f5 20. Bc1 Qg6 21. Ne5 Nxe5 22. dxe5 Bh4 23. Re2 Re7 24. g5 Rf8 25. Bf4 Rd7 26. Rg1 Rd4 27. Qf3 Rfd8 28. Reg2 b5 29. Be3 R4d5 30. Qf4 Qh5 31. g6 h6 32. Kh2 c4 33. bxc4 bxc4 34. Qxc4 Rxe5 35. Bb6 Re2 36. d4 Rxg2+ 37. Rxg2 Rf8 38. Qxe6+ Kh8 39. Qe2 Qxe2 40. Rxe2 f4 41. Re4 f3 42. Kg1 Bg3 43. c4 Kg8 44. d5 Rb8 45. Re6 Kf8 46. c5 Re8 47. Rxe8+ Kxe8 48. c6 Ke7 49. Bf2 Bd6 50. Bh4+ Ke8 51. Kf2 1-0

[Event "Sparkassen-Open A"]
[Site "Heusenstamm, Martinsee"]
[Date "2024.11.22"]
[Round "3.30"]
[White "Liu, Jonas"]
[Black "Eckert, Michael"]
[Result "1-0"]
[WhiteElo "1602"]
[BlackElo "1729"]
[PlyCount "138"]
[EventDate "2024.11.21"]
[WhiteTeam "SV Oberursel"]
[BlackTeam "SK Herborn 1946"]

1. e4 e5 2. Nf3 Nc6 3. Bc4 Bc5 4. c3 Nf6 5. d3 a6 6. O-O h6 7. Re1 O-O 8. h3 d6 9. a4 Re8 10. Be3 Bxe3 11. Rxe3 Be6 12. Bxe6 Rxe6 13. b4 d5 14. Nbd2 d4 15. cxd4 exd4 16. Re1 Nxb4 17. Qb3 c5 18. a5 Qd7 19. Nc4 Qb5 20. e5 Nfd5 21. Nfd2 Nf4 22. g3 Nfxd3 23. Re4 Qd7 24. Nb6 Rxb6 25. axb6 Qc6 26. e6 Qd5 27. Qxd5 Nxd5 28. e7 Re8 29. Nc4 N3b4 30. Nd6 Rxe7 31. Rxe7 Nxe7 32. Nxb7 Ned5 33. Nxc5 Nxb6 34. Nxa6 Nc2 35. Rd1 Nc4 36. Nc5 Nb2 37. Rd2 d3 38. Nxd3 Nxd3 39. Rxd3 g5 40. Rd6 Kg7 41. Kg2 Na3 42. Kf3 Nc4 43. Ra6 f6 44. Ke4 Kg6 45. Re6 Nd2+ 46. Kd5 Kf7 47. g4 Nf3 48. Ra6 Ne5 49. Ke4 Kg6 50. f4 gxf4 51. Kxf4 Nd3+ 52. Kg3 Nc5 53. Ra7 Ne6 54. h4 Ng7 55. h5+ Kh7 56. Rf7 f5 57. gxf5 Kg8 58. Rxg7+ Kxg7 59. Kg4 Kf7 60. Kf4 Kg7 61. Kf3 Kf7 62. Ke4 Ke7 63. Ke5 Kf7 64. f6 Kf8 65. Kf4 Ke8 66. Ke4 Kf8 67. Ke5 Kg8 68. Ke6 Kf8 69. f7 Kg7 1-0

[Event "Sparkassen-Open A"]
[Site "Heusenstamm, Martinsee"]
[Date "2024.11.22"]
[Round "3.33"]
[White "Sharma, Aarav"]
[Black "Rafikov, Damir"]
[Result "0-1"]
[WhiteElo "1598"]
[BlackElo "1709"]
[PlyCount "56"]
[EventDate "2024.11.21"]
[WhiteTeam "SAbt TuS Makkabi Ffm"]
[BlackTeam "SK 1947 Sandhausen e.V."]

1. e4 e5 2. Nf3 Nc6 3. Bc4 Bc5 4. O-O d6 5. h3 h6 6. c3 Nf6 7. d4 exd4 8. cxd4 Bb6 9. Qb3 O-O 10. d5 Na5 11. Qc2 Nxc4 12. Qxc4 Re8 13. Nc3 a6 14. Bf4 Nd7 15. b4 f6 16. a4 Ne5 17. Bxe5 fxe5 18. b5 a5 19. Ne2 Rf8 20. Nh2 Qg5 21. g4 h5 22. Kg2 hxg4 23. hxg4 Bxg4 24. Nxg4 Qxg4+ 25. Ng3 Qf3+ 26. Kh3 Rf6 27. Kh2 Rh6+ 28. Kg1 Qxg3# 0-1

[Event "Sparkassen-Open A"]
[Site "Heusenstamm, Martinsee"]
[Date "2024.11.22"]
[Round "3.34"]
[White "Hellmann, Alexander"]
[Black "Heller, Holger"]
[Result "0-1"]
[WhiteElo "1556"]
[BlackElo "1704"]
[PlyCount "52"]
[EventDate "2024.11.21"]
[WhiteTeam "SJ Herborn 1998"]
[BlackTeam "SAbt TuS Dotzheim"]

1. e4 e5 2. Nf3 d6 3. d4 exd4 4. Nxd4 Be7 5. Nc3 Nf6 6. Bf4 Nc6 7. Qd2 Nxd4 8. Qxd4 O-O 9. O-O-O Be6 10. f3 Nd7 11. g4 Bf6 12. Qd2 h6 13. h4 Bxh4 14. Bxh6 gxh6 15. Qxh6 Bg5+ 16. f4 Bxh6 17. Rxh6 Kg7 18. g5 Ne5 19. Be2 Rh8 20. Rdh1 Rxh6 21. Rxh6 Qe7 22. Nd5 Bxd5 23. exd5 Ng4 24. Bxg4 Qe1+ 25. Bd1 Rh8 26. Rxh8 Kxh8 0-1

[Event "Sparkassen-Open A"]
[Site "Heusenstamm, Martinsee"]
[Date "2024.11.22"]
[Round "3.35"]
[White "Plotnikow, Jewgeni"]
[Black "Niesel, Markus"]
[Result "1-0"]
[WhiteElo "1700"]
[BlackElo "1519"]
[PlyCount "57"]
[EventDate "2024.11.21"]
[WhiteTeam "SK Gründau"]
[BlackTeam "SV 1934 Ffm-Griesheim"]

1. c4 e5 2. Nc3 Bc5 3. e3 Nc6 4. Nf3 d6 5. d4 exd4 6. exd4 Bb6 7. Be2 Bf5 8. O-O Nf6 9. a3 a6 10. Bg5 Rg8 11. Re1 Kf8 12. Nd5 h6 13. Nxf6 gxf6 14. Bxh6+ Ke8 15. Bd3+ Be6 16. d5 Ne5 17. dxe6 fxe6 18. Nxe5 fxe5 19. Qh5+ Kd7 20. Qf7+ Kc8 21. Qxe6+ Kb8 22. Be3 Ka7 23. Bxb6+ Kxb6 24. b4 Qg5 25. Be4 Ka7 26. Re3 Qf4 27. Qd5 Rab8 28. b5 Rgf8 29. Rf3 1-0

[Event "Sparkassen-Open A"]
[Site "Heusenstamm, Martinsee"]
[Date "2024.11.22"]
[Round "3.37"]
[White "Grünzig, Matthias"]
[Black "Vranic, Dusan"]
[Result "1-0"]
[WhiteElo "1681"]
[BlackElo "1490"]
[PlyCount "82"]
[EventDate "2024.11.21"]
[WhiteTeam "FV Berkersheim"]
[BlackTeam "Sabt Frankfurter TV 1860"]

1. d4 d5 2. Bf4 c5 3. e3 Nc6 4. c3 Nf6 5. Bb5 Bg4 6. Nf3 e6 7. Nbd2 Ne4 8. Qc2 Nxd2 9. Nxd2 Bd6 10. Bxd6 Qxd6 11. dxc5 Qxc5 12. Qa4 O-O 13. Bxc6 bxc6 14. Qxg4 Rab8 15. Rb1 Rb5 16. Qd4 Qxd4 17. exd4 Rfb8 18. b3 c5 19. Nf3 a5 20. dxc5 Rxc5 21. Kd2 f6 22. b4 Rcb5 23. a3 e5 24. Kc2 a4 25. Rbc1 Rc8 26. Kb2 Rc4 27. Nd2 Rf4 28. f3 e4 29. g3 Rf5 30. fxe4 Rf2 31. Rc2 dxe4 32. Nxe4 Rxc2+ 33. Kxc2 Re5 34. Nc5 Re2+ 35. Kb1 Re3 36. Nxa4 Re4 37. Kb2 g5 38. Nc5 Rg4 39. Rf1 Kf7 40. Nd7 Re4 41. Nxf6 Kg6 1-0

[Event "Sparkassen-Open A"]
[Site "Heusenstamm, Martinsee"]
[Date "2024.11.22"]
[Round "3.38"]
[White "Aravindhan, Aadvik"]
[Black "Li, Xiao Teng"]
[Result "1/2-1/2"]
[WhiteElo "1529"]
[BlackElo "1680"]
[PlyCount "30"]
[EventDate "2024.11.21"]
[WhiteTeam "Club Zukertort"]
[BlackTeam "SK Bad Homburg 1927"]

1. e4 e5 2. Nf3 Nc6 3. Bc4 Bc5 4. d3 h6 5. Be3 Bb6 6. Nc3 d6 7. Qe2 Ba5 8. Bd2 Bg4 9. h3 Nd4 10. Qd1 Bh5 11. g4 Bg6 12. Nxd4 exd4 13. Ne2 c5 14. Bxa5 Qxa5+ 15. Qd2 Qxd2+ 1/2-1/2

[Event "Sparkassen-Open A"]
[Site "Heusenstamm, Martinsee"]
[Date "2024.11.22"]
[Round "3.39"]
[White "Faisz, David"]
[Black "Niesel, Sebastian"]
[Result "0-1"]
[WhiteElo "1525"]
[BlackElo "1670"]
[PlyCount "86"]
[EventDate "2024.11.21"]
[WhiteTeam "SK 1926 Ettlingen"]
[BlackTeam "SV 1934 Ffm-Griesheim"]

1. e4 e5 2. Nf3 Nc6 3. Bc4 Bc5 4. c3 Nf6 5. d4 exd4 6. cxd4 Bb4+ 7. Nc3 Nxe4 8. O-O Bxc3 9. d5 Ne5 10. bxc3 Nxc4 11. Qd4 O-O 12. Qxc4 Nd6 13. Qg4 Qf6 14. Bd2 Qf5 15. Qxf5 Nxf5 16. Bf4 d6 17. Rab1 b6 18. Nd2 Ne7 19. c4 Ng6 20. Be3 Bf5 21. Rb2 Ne5 22. Nb3 Nxc4 23. Re2 Bd3 24. Rfe1 Bxe2 25. Rxe2 Nxe3 26. fxe3 Rfe8 27. Nd4 Re5 28. Nc6 Re4 29. Kf2 a5 30. Kf3 Rae8 31. Nd4 g6 32. g4 Kg7 33. h4 Rxd4 34. exd4 Rxe2 35. Kxe2 f5 36. g5 b5 37. Kd3 Kf7 38. a3 Ke7 39. Kc3 Kd7 40. Kd3 c5 41. Kc3 b4+ 42. axb4 cxb4+ 43. Kc4 f4 0-1

[Event "Sparkassen-Open A"]
[Site "Heusenstamm, Martinsee"]
[Date "2024.11.22"]
[Round "3.46"]
[White "Probstfeld, Bernd"]
[Black "Wolf, Helena"]
[Result "1/2-1/2"]
[WhiteElo "1730"]
[BlackElo "1598"]
[PlyCount "41"]
[EventDate "2024.11.21"]
[WhiteTeam "SG Pieroth/Burg Layen"]
[BlackTeam "SK Bad Homburg 1927"]

1. d4 Nf6 2. c4 e6 3. Nf3 d5 4. Nc3 Be7 5. e3 O-O 6. Bd3 b6 7. O-O c5 8. cxd5 exd5 9. b3 Bb7 10. Re1 Nc6 11. Bb2 Rc8 12. Rc1 Re8 13. a3 h6 14. Bf5 Rb8 15. Na4 c4 16. bxc4 dxc4 17. Nc3 Na5 18. Nd2 Qc7 19. e4 a6 20. e5 Nd5 21. Nxd5 1/2-1/2